Normal view
MARC view
- Jadav,GC.
Entry Personal Name
001 - CONTROL NUMBER
- control field: 6553
003 - CONTROL NUMBER IDENTIFIER
- control field: OSt
005 - DATE AND TIME OF LATEST TRANSACTION
- control field: 20180220123132.0
008 - FIXED-LENGTH DATA ELEMENTS
- fixed length control field: 180220|| aca||aabn | a|a d
040 ## - CATALOGING SOURCE
- Original cataloging agency: OSt
- Transcribing agency: OSt
100 ## - HEADING--PERSONAL NAME
- Personal name: Jadav,GC.
670 ## - SOURCE DATA FOUND
- Source citation: Work cat.: (OSt): Jadav,GC., My Wonderful Book of Environmental Studies-IV